|
|
|
|
| LEADER |
00000nam a2200000 a 4500 |
| 001 |
vtls010528017 |
| 003 |
SK-MaSNL |
| 005 |
20260301133321.0 |
| 008 |
160430s2013 xo f 000 0 slo |
| 015 |
|
|
|a SNBA2013/07
|
| 020 |
|
|
|a 9788080755744 (brož.)
|
| 035 |
|
|
|a 577A4CA3-01F4-4301-834A-A1519863D27D
|
| 035 |
|
|
|a urn:nbn:sk:snk-amjnod
|
| 035 |
|
|
|a urn:nbn:sk:snk-am001tap
|
| 040 |
|
|
|a SNK
|b slo
|c SNK
|e AACR2
|
| 041 |
0 |
|
|a slo
|a eng
|b eng
|b slo
|
| 044 |
|
|
|a xo
|c SK
|
| 072 |
|
7 |
|a 316.3
|x Globálne spoločnosti. Sociálna štruktúra. Sociálne skupiny
|2 konspekt
|
| 072 |
|
7 |
|a 339.7/.9
|x Svetová ekonomika a medzinárodné financie
|2 konspekt
|
| 072 |
|
7 |
|a 32
|x Politika
|2 konspekt
|
| 080 |
|
|
|a 316.3
|2 2001
|
| 080 |
|
|
|a 339.9
|2 2001
|
| 080 |
|
|
|a (100)
|2 2001
|
| 080 |
|
|
|a "20"
|2 2001
|
| 080 |
|
|
|a (048.8)
|2 2001
|
| 080 |
|
|
|a 32
|2 2001
|
| 080 |
|
|
|a (082.2)
|2 2001
|
| 245 |
0 |
0 |
|a Výzvy spoločnosti 21. storočia
|b zborník vedeckých prác
|c Oľga Bočáková (ed.)
|
| 250 |
|
|
|a [1. vyd.]
|
| 260 |
|
|
|a Trenčín
|b [Trenčianska univerzita A. Dubčeka]
|c 2013
|
| 300 |
|
|
|a 292 s.
|b grafy, mp., sch., tab.
|c 22 cm
|
| 504 |
|
|
|a Bibliografie ; bibliogr. odkazy
|
| 546 |
|
|
|a Názvy štúdií aj v angl. Res. angl., slov
|
| 648 |
|
7 |
|a 21. stor.
|2 SNKPH
|9 304714
|
| 648 |
|
7 |
|a 21st century
|2 SNKPHeng
|9 303236
|
| 650 |
0 |
7 |
|a spoločnosť
|2 SNKPH
|9 1013
|
| 650 |
0 |
7 |
|a Society
|2 SNKPHeng
|9 265080
|
| 650 |
0 |
7 |
|a svetová ekonomika
|2 SNKPH
|9 3976
|
| 650 |
0 |
7 |
|a World economics
|2 SNKPHeng
|9 267646
|
| 650 |
0 |
7 |
|a politika
|2 SNKPH
|9 968
|
| 650 |
0 |
7 |
|a Policy
|2 SNKPHeng
|9 265829
|
| 655 |
|
7 |
|a štúdie
|2 SNKPH
|9 57033
|
| 655 |
|
7 |
|a Studies
|2 SNKPHeng
|9 265573
|
| 655 |
|
7 |
|a zborníky
|2 SNKPH
|9 70165
|
| 655 |
|
7 |
|a Papers of several authors
|2 SNKPHeng
|9 153738
|
| 700 |
1 |
|
|a Bočáková, Oľga,
|d 1955-
|4 edt
|9 219414
|
| 919 |
|
|
|a 978-80-8075-574-4
|
| 958 |
|
|
|a NB
|
| 999 |
|
|
|c 753421
|d 755351
|
| 952 |
|
|
|a SNK
|b SNK
|y PREZ
|7 0
|p 17A1074302
|o snkSC 155357
|i snk2013/16501
|8 0
|0 0
|1 0
|4 0
|d 2013-07-16
|l 0
|r 2025-07-25 00:00:00
|w 2026-02-23
|
| 952 |
|
|
|a SNK
|b SNK
|y VYP
|7 0
|p 17A1074301
|o snkSC 155357 D1
|i snk2013/16503
|8 0
|0 0
|1 0
|4 0
|d 2013-07-16
|f 1
|l 0
|r 2026-02-23 23:39:42
|w 2026-02-23
|